LEADER 01597nam 2200385Ia 450 001 996387492903316 005 20200824132851.0 035 $a(CKB)4940000000087168 035 $a(EEBO)2240890357 035 $a(OCoLC)ocm52529127e 035 $a(OCoLC)52529127 035 $a(EXLCZ)994940000000087168 100 $a20030701d1667 uy 0 101 0 $aeng 135 $aurbn||||a|bb| 200 14$aThe guide in controversies, or, A rational account of the doctrine of Roman-Catholicks concerning the ecclesiastical guide in controversies of religion$b[electronic resource] $ereflecting on the later writings of Protestants, particularly of Archbishop Lawd and Dr. Stillingfleet on this subject. /$fBy R.H 210 $a[London? $cs.n.]$dPrinted in the year, 1667 215 $a[34], 366 p 300 $aR. H. is a pseudonym of Abraham Woodhead. Cf. BM. 300 $aPlace of publication suggested by Wing. 300 $aErrata on p. [8]. 300 $aWith marginal notes. 300 $aReproduction of the original in the British Library. 330 $aeebo-0018 606 $aProtestantism$vComparative studies$y17th century 606 $aProtestantism$xDoctrines$vEarly works to 1800 615 0$aProtestantism 615 0$aProtestantism$xDoctrines 700 $aR. H$f1609-1678.$01001862 801 0$bEAE 801 1$bEAE 906 $aBOOK 912 $a996387492903316 996 $aThe guide in controversies, or, A rational account of the doctrine of Roman-Catholicks concerning the ecclesiastical guide in controversies of religion$92346979 997 $aUNISA LEADER 00869nam a2200241 i 4500 001 991001640939707536 008 120315s1993 it 000 0 ita d 020 $a9788848100083 035 $ab14046404-39ule_inst 040 $aDip.to Filosofia$bita 082 0 $a020 100 1 $aRussel, Charlie$062480 245 13$aIl DOS /$cCharlie Russel 260 $aMilano :$bTecniche nuove,$c1993 300 $aXX, 321 p. :$bill. ;$c24 cm 440 0$aInformatica per non credenti ;$v1 500 $aTit. della cop.: Il DOS per alienati, amareggiati, annoiati, disordinati ... 907 $a.b14046404$b15-03-12$c15-03-12 912 $a991001640939707536 945 $aLE005 020 RUS01. 01$g1$i2005000251870$lle005$o-$pE32.00$q-$rl$s- $t0$u0$v0$w0$x0$y.i15391437$z15-03-12 996 $aDOS$9245169 997 $aUNISALENTO 998 $ale005$b15-03-12$cm$da $e-$fita$git $h3$i0